Missing Word: 1985 Hits Quiz Stats

 Plays Quiz Updated Mar 5, 2016

Challenge
Share
Tweet
Embed
Score 0/20 Timer 02:00
0 Plays Today
Hint Missing Word % Correct
_____ Me Up Before You Go-GoWake
96.2%
I Want To Know What _____ IsLove
96%
Like A _____Virgin
95.9%
We Built This _____City
85.4%
Everybody Wants To _____ The WorldRule
80.7%
We Are The _____World
79%
St. Elmo's _____ (Man In Motion)Fire
78.8%
Everytime You Go _____Away
74.1%
Don't You (_____ About Me)Forget
73.1%
Can't _____ This FeelingFight
67.7%
Hint Missing Word % Correct
_____-Time LoverPart
65.4%
Rhythm of the _____Night
61.7%
Careless ______Whisper
59.8%
_____ For NothingMoney
58.6%
_____ All My Love for YouSaving
57.7%
The _____ Of LovePower
56.5%
A View to a _____Kill
54.8%
_____ LoverEasy
30.3%
_____ For YouCrazy
29.9%
Cool It _____Now
20.5%

Today's Daily Dose

You're not logged in!

Compare scores with friends on all Sporcle quizzes.
Join for Free
OR
Log In

You Might Also Like...

Show Comments

Extras

Top Quizzes Today


Score Distribution

Your Account Isn't Verified!

In order to create a playlist on Sporcle, you need to verify the email address you used during registration. Go to your Sporcle Settings to finish the process.

Report this User

Report this user for behavior that violates our Community Guidelines.

Details: